| 000 | 01040nam a22003375i 4500 | ||
|---|---|---|---|
| 001 | 18551 | ||
| 003 | ES-MaACL | ||
| 005 | 20250926063044.0 | ||
| 007 | t| | ||
| 008 | 011015s1993 sp ||||0| spa j | ||
| 020 | _a84-7509-863-0 | ||
| 040 |
_aM-BN _bspa _cM-BN |
||
| 080 | _a17:32 | ||
| 100 | 1 |
_aFromm, Erich, _d1900-1980 _952729 |
|
| 245 | 1 | 0 |
_aÉtica y política / _cErich Fromm ; edición a cargo de Rainer Funk ; [traducción de Eloy Fuente Herrero]. |
| 250 | _a[1ª ed.]. | ||
| 260 |
_aBarcelona : _bPaidós Ibérica, _c1993. |
||
| 300 |
_a241 p ; _c20 cm. |
||
| 490 | 1 |
_aPaidós studio ; _v94 |
|
| 490 | 1 |
_aObra póstuma ; _v3 |
|
| 500 | _aIndice. | ||
| 504 | _aBibliografía: p. [231]-232. | ||
| 650 | 7 |
_aÉtica política _2embne _9136540 |
|
| 700 | 1 |
_aFunk, Rainer. _953030 |
|
| 700 | 1 |
_aFuente Herrero, Eloy. _952867 |
|
| 830 | 0 |
_aPaidós studio ; _v94 _9178141 |
|
| 830 | 0 |
_aObra póstuma ; _v3 _9179943 |
|
| 852 |
_aES-MaACL _jL-25128 _bR.130325 |
||
| 999 |
_c18551 _d18551 |
||